01683pam a2200337 a 4500001000500000005001700005020001800022020001800040040002300058050001500081082001300096100001800109245004100127260003400168300005800202500006300260505001000323520005300333521002400386521002300410650004500433650002400478906004500502942001500547999001500562952015600577952015600733952017000889952014401059952014201203258020250826104619.0 a9780590275002 a9780688093563 aDLCcDLCdDLCbeng00aTH4811.B3700a690.83731 aBarton, Byron10aBuilding a house / cby Byron Barton aNew York :bScholastic,c1981 a31 unnumbered pages : bcolor illustrations ; c21 cm aOriginally published: New York : Greenwillow Books, c1981. aG  aBriefly describes the steps in building a house. a370 bLexile  aG bRaz-Plus  0aHouse constructionxJuvenile literature. 1aHouse construction. a7bcbccorignewd1eocipf19gy-gencatlg 2ddccBKn0 c2580d2580 00102ddc40708JUVFa002b002cTTP Dark Greend2024-01-02l3oBAR 690.8373 TH4811.B37pFISBK05223r2024-03-04 08:56:05s2024-02-26t1w2024-01-02yBK 00102ddc40708JUVFa002b002cTTP Dark Greend2024-01-02l4oBAR 690.8373 TH4811.B37pFISTK02507r2025-10-31 12:26:40s2025-10-24t2w2024-01-02yBK 00102ddc40708JUVFa001b001cTK Green 7-57-60d2025-04-04l1oBAR 690.8373 TH4811.B37pFISTK01492q2026-04-08r2026-03-25 11:14:40s2026-03-25t3w2025-04-04yBK 00102ddc40708JUVFa002b002cTTP Dark Greend2025-08-15l0oBAR 690.8373 TH4811.B37pFISBK05242r2025-08-15 12:34:44t4w2025-08-15yBK 00102ddc40708JUVFa002b002cTTP Dark Greend2025-08-26l0oBAR 690.8373 TH4811.B37pFIS03676r2025-08-26 10:46:17t5w2025-08-26yBK